Città degli USA: le Capitali Non sono Benvenute - Statistics

Statistiche generali
  • Questo quiz è stato fatto 69 volte
  • Il punteggio medio è 13 su 50
Statistiche sulle risposte
Hint Risposta % Corretto
California Los Angeles
91%
New York New York City
89%
Illinois Chicago
83%
Nevada Las Vegas
73%
Texas Houston
67%
Washington Seattle
59%
Pennsylvania Filadelfia
56%
Michigan Detroit
48%
Louisiana New Orleans
47%
Missouri Kansas City
42%
Minnesota Minneapolis
42%
Maine Portland
41%
Oregon Portland
41%
Nuovo Messico Albuquerque
38%
Alaska Anchorage
34%
Maryland Baltimora
34%
Carolina del Nord Charlotte
30%
Tennessee Memphis
30%
Ohio Cleveland
28%
Florida Jacksonville
28%
Arizona Tucson
28%
Wisconsin Milwaukee
20%
New Jersey Newark
20%
Nebraska Omaha
20%
Oklahoma Tulsa
17%
Montana Billings
16%
Colorado Colorado Springs
16%
Dakota del Nord Fargo
14%
Kentucky Louisville
14%
Virginia Virginia Beach
14%
Alabama Birmingham
13%
Kansas Wichita
13%
Dakota del Sud Sioux Falls
11%
New Hampshire Manchester
9%
Connecticut Bridgeport
8%
Vermont Burlington
6%
Indiana Fort Wayne
6%
Hawaii Hilo
6%
Delaware Wilmington
6%
Wyoming Casper
3%
Iowa Cedar Rapids
3%
Rhode Island Warwick
3%
Utah West Valley City
3%
Georgia Augusta
2%
Mississippi Gulfport
2%
Virginia Occidentale Huntington
2%
Idaho Meridian
2%
Carolina del Sud Charlestone
0%
Arkansas Fort Smith
0%
Massachusetts Wolchester
0%
Nessun quiz corrispondente trovato
Distribuzione punteggi
Percentuale di utenti per punteggio
Percentile per numero di risposta
I tuoi punteggi nel tempo
Non hai fatto questo quiz